LEADER 01233nam a2200289 u 4500 001 000000010570 003 CaOOAMICUS 005 20070226105331.0 008 940516s1991 it u000 u ita u 020 $a88-317-5601-X 035 $a10262736 040 $aPUL(R)$bita 100 1 $aStrada, Vittorio,$d1929-$0(OLS)http://pul/name/10371 245 13$aLa questione russa :$bidentità e destino /$cVittorio Strada. 260 $aVenezia :$bMarsilio,$c1991. 300 $a181 p. ;$c20 cm 490 1 $aI Grilli Marsilio 650 4$aLetteratura russa.$0(OLS)http://pul/subject/8344 651 4$aRussia$xStoria culturale$ySec. XVII-XX.$0(OLS)http://pul/subject/8345 651 4$aRussia$xPolitica e governo$ySec. XVII-XX.$0(OLS)http://pul/subject/8346 830 2$aI Grilli Marsilio.$0(OLS)http://pul/title/15426 850 $aPUL 852 $aPUL$W1$xDP1 Altre Collocazioni$y17$mSenza collocazione$j12$nBK-PRI$b $qStampati$B15016$CPULBib$Z2$F15016 $H $81 941 1 $a8 996 $6020$a88-317-5601-X$9(OLS)http://pul/number/13573 996 $6245$aLa questione russa :$bidentità e destino$9(OLS)http://pul/title/15425 996 $6260$aVenezia :$bMarsilio$9(OLS)http://pul/publisher/52932 LEADER 01378nam a2200349 a 4500 001 000000123972 003 CaOOAMICUS 005 20101221103205.0 008 101221m20109999it u000 u ita r 020 $a978-88-13-30051-7 (v. 2) 040 $aPUL$bita 041 1 $aita$heng 082 04$a341.753 110 1 $aItalia.$0(OLS)http://pul/name/1188 245 10$aManuale di diritto commerciale internazionale /$cFabio Bortolotti. 250 $a3. ed. 260 $aPadova :$bCEDAM,$c2010- 300 $av. <2> ;$c24 cm. 500 $aTesto su due colonne. 504 $aInclude riferimenti bibliografici. 505 0 $aV. 2. I singoli contratti internazionali. 546 $aAlcune parti anche in inglese. 650 4$aDiritto commerciale internazionale.$0(OLS)http://pul/subject/25158 700 1 $aBortolotti, Fabio.$0(OLS)http://pul/name/66933 850 $aPUL 852 $aPUL$W1$xSL Diritto e Scienze Sociali 3$y79$m341. 753 BORFA 1$j142852$av. 2$qDDC 21$B141787$CPULBib$Z2$F141787 $H115288 $82 941 1 $a9 996 $6020$a978-88-13-30051-7 (v. 2)$9(OLS)http://pul/number/146141 996 $6082$a341.753$9(OLS)http://pul/classification/1805 996 $6245$aManuale di diritto commerciale internazionale$9(OLS)http://pul/title/156290 996 $6260$aPadova :$bCEDAM$9(OLS)http://pul/publisher/48126 LEADER 01553nam a2200361 u 4500 001 000000064399 003 CaOOAMICUS 005 20070226121343.0 008 011119s1976 fr u000 u fre u 020 $a2070722201 (v.2) 020 $a2070722198 (v.1) 035 $a10910364 040 $aPUL$bita 100 1 $aHenry, Michel,$d1922-2002.$0(OLS)http://pul/name/39200 245 10$aMarx /$cMichel Henry. 260 $aParis :$bGallimard,$cc1976. 300 $a2 v. ;$c20 cm 490 1 $aCollection Tel ;$v179-180 504 $aBibliografia in nota. 505 0 $aI. Une philosophie de la réalité -- II. Une philosophie de l'économie. 600 14$aMarx, Karl,$d1818-1883.$0(OLS)http://pul/subject/4942 650 4$aFilosofia contemporanea.$0(OLS)http://pul/subject/8502 830 0$aCollection Tel ;$v179-180.$0(OLS)http://pul/title/85811 850 $aPUL 852 $aPUL$W1$xDP2 Filosofia 3$y112$m193 HENMI 1.1$j176722$nBK-PRI$b $qDDC 21$B83480$CPULBib$Z2$F83480 $H86127 $81 852 $aPUL$W1$xDP2 Filosofia 3$y112$m193 HENMI 1.2$j176723$nBK-PRI$b $qDDC 21$B179445$CPULBib$Z2$F179445 $H86128 $81 941 1 $a9 961 $aprecedente collocazione: Fil 116 961 $aprecedente collocazione: Fil 116.2 996 $6020$a2070722201 (v.2)$9(OLS)http://pul/number/83595 996 $6020$a2070722198 (v.1)$9(OLS)http://pul/number/83596 996 $6245$aMarx$9(OLS)http://pul/title/85810 996 $6260$aParis :$bGallimard$9(OLS)http://pul/publisher/48435